Kamufláž práva i skutočného stavu

Rudolf Šaran, predstaviteľ sekcie energetiky v Združení spotrebiteľov SR, o transformácii energetiky v bytovej sfére. Zisky výrobcov tepla. Rozpory brzdiace proces šetrenia s energiou. Skryté formy zvyšovania cien za teplo. Atestácie rozvodov. Možnosti ochrany spotrebiteľov.

Saved in:
Bibliographic Details
Main Author: Šaran, R.
Other Authors: Rabayová, Z.
Format: Book Chapter
Language:Slovak
Subjects:
Tags: Add Tag
No Tags, Be the first to tag this record!

MARC

LEADER 00000naa a2200000 4500
001 r024821
005 20221213113406.4
041 0 |a slo 
044 |a SK 
245 1 0 |a Kamufláž práva i skutočného stavu  |c R. Šaran, Z. Rabayová 
520 |a Rudolf Šaran, predstaviteľ sekcie energetiky v Združení spotrebiteľov SR, o transformácii energetiky v bytovej sfére. Zisky výrobcov tepla. Rozpory brzdiace proces šetrenia s energiou. Skryté formy zvyšovania cien za teplo. Atestácie rozvodov. Možnosti ochrany spotrebiteľov. 
610 2 0 |a Slovensko 
610 2 0 |a energetika 
610 2 0 |a úspory energie 
610 2 0 |a ceny 
610 2 0 |a spotrebitelia 
610 2 0 |a ochrana spotrebiteľa 
610 2 0 |a teplo 
610 2 0 |a zvyšovanie cien 
610 2 0 |a technika meracia 
610 2 0 |a atestácia 
610 2 0 |a legislatíva 
100 1 |a Šaran, R. 
700 1 |a Rabayová, Z.